000 00315nam a2200109Ia 4500
008 220216s9999 xx 000 0 und d
100 _aPiddlesden J H
245 0 _aNotes on centrifugal concentration of latex
260 _bJournal of the Rubber Research Institute of Malaya
_c1937
300 _a169-178
942 _cJS
999 _c64070
_d64070